000 00235nam a22000977a 4500
008 160512b xxu||||| |||| 00| 0 eng d
041 _aeng
080 _a577
245 _aBiokimia: ne praktiken klinike:
_cKlement Shteto:
942 _2udc
_cBK
999 _c2097
_d2097